| 000 | 00574nam a22002057a 4500 | ||
|---|---|---|---|
| 003 | OSt | ||
| 005 | 20160921190656.0 | ||
| 008 | 160921b xxu||||| |||| 00| 0 eng d | ||
| 020 | _a0727909193 | ||
| 040 | _cDNLM. | ||
| 082 | _aWK835H18k 1996. | ||
| 100 |
_aHamilton,Amp;Ulbig,MW;Polkinghorne,P; _911090 |
||
| 245 | _aManagement of Diabetic Retinopathy; | ||
| 260 |
_aLondon. _bBMJ Publishing. _c1996. |
||
| 300 |
_a viii,296p; _bill; _c23cm. |
||
| 504 | _areferences and index. | ||
| 650 |
_aMedicine. _9324 |
||
| 650 |
_aDiabetic Retinopathy _911091 |
||
| 942 |
_2z _cO_SHELF |
||
| 999 |
_c5266 _d5266 |
||